Cars by Element Symbols - Statistics

General Stats
  • This quiz has been taken 50 times
  • The average score is 10 of 15
Answer Stats
Hint Answer % Correct
Boron + Uranium + Iodine + Carbon + Potassium Buick
95%
Carbon + Helium + Vanadium + Yttrium Chevy
79%
Fluorine + Oxygen + Rubidium Ford
72%
Fluorine + Iodine + Astatine Fiat
70%
Sulfur + Uranium + Barium + Ruthenium Subaru
70%
Actinium + Uranium + Radium Acura
65%
Francium + Oxygen + Nitrogen + Titanium + Erbium Frontier
65%
Indium + Fluorine + Iodine + Nickel + Titanium Infiniti
65%
Praseodymium + Iodine + Uranium + Sulfur Prius
65%
Vanadium + Oxygen + Livermorium + Oxygen Volvo
65%
Germanium + Neon + Silicon + Sulfur Genesis
63%
Oxygen + Uranium + Terbium + Actinium + Potassium Outback
60%
Sulfur + Oxygen + Sodium + Tantalum Sonata
60%
Chromium + Vanadium CR-V
56%
Phosphorus + Technetium + Ruthenium + Iodine + Sulfur + Erbium PT Cruiser
42%
No matching quizzes found
Score Distribution
Percent of People with Each Score
Percentile by Number Answered
Your Score History
You have not taken this quiz